|
|
|
|
| LEADER |
00850nab a2200253 i 4500 |
| 001 |
publ33494 |
| 005 |
20250526153112.0 |
| 008 |
250526s1982 hu o 000 eng d |
| 022 |
|
|
|a 0148-3919
|
| 024 |
7 |
|
|a 10.1080/01483918208062847
|2 doi
|
| 024 |
7 |
|
|a 1047371
|2 mtmt
|
| 040 |
|
|
|a SZTE Publicatio Repozitórium
|b hun
|
| 041 |
|
|
|a eng
|
| 100 |
1 |
|
|a Janáky Tamás
|
| 245 |
1 |
0 |
|a IODINATION OF PEPTIDE-HORMONES AND PURIFICATION OF IODINATED PEPTIDES BY HPLC
|h [elektronikus dokumentum] /
|c Janáky Tamás
|
| 260 |
|
|
|c 1982
|
| 300 |
|
|
|a 1499-1507
|
| 490 |
0 |
|
|a JOURNAL OF LIQUID CHROMATOGRAPHY
|v 5 No. 8
|
| 650 |
|
4 |
|a Kémiai tudományok
|
| 700 |
0 |
1 |
|a Tóth Gábor
|e aut
|
| 700 |
0 |
1 |
|a Penke Botond
|e aut
|
| 700 |
0 |
1 |
|a Kovacs K.
|e aut
|
| 700 |
0 |
1 |
|a Laszlo F. A.
|e aut
|
| 856 |
4 |
0 |
|u http://publicatio.bibl.u-szeged.hu/33494/1/aok_klny_344_82.pdf
|z Dokumentum-elérés
|